01746nam a22004337a 4500003000400000005001700004008004100021040002200062082001800084100002500102245003000127260006000157300002100217366000800238490002600246505002600272505002600298505001500324505001900339505002200358505002200380505001600402505001400418505001600432505001900448505002100467505001300488505001800501505040400519505001200923650005500935650004700990650004801037650004301085650004501128650005601173650004701229700003601276OSt20230622093052.0221006b |||||||| |||| 00| 0 eng d cBiblioteca Lado V a709.05bG851a aGriffin, Timeeditor aArtforum/bInternacional/ aNew Yorkc1993bNew York editorial and business offices c26.5x27cma228p. eeng aMayov1993x0864-1315 tArtforum Contributors tWHITNEY BIENNIAL 1993 tHILTON ALS tGLEN O'BRIEN  tBRUCE W. FERGUSON tDAVID RIMANELLI  tJAN AVGIKOS tGREG TATE tDAN CAMERON tDAVID DEITCHER tTHOMAS McEVILLEY tLIZ KOTZ tLAWRENCE CHUA tFEATURESaHISTORY OF THE SUBURBS IDENTITY PHOTOGRAPHS THE HIGH WINDOWS JUST MASK A MODEL PRISONER: JAMES CASEBERE IRLAND'S EYES NEW HISTORY FROM BEYOND THE PALE REMEMBER, RE-MEMBER THE WIND BLOWS LOW KINDNESS AND WIT PRIVATE VOICES, PUBLIC SPHERES CROSS' PURPOSES OPENINGS: PHILIPPE RAMETTE tREVIEWS 2Tesauro de Arte & ArquitecturaaARTE COMTEMPORANEO 2Tesauro de Arte & ArquitecturaaFOTOGRAFIA 2Tesauro de Arte & ArquitecturaaARTE VISUAL 2Tesauro de Arte & ArquitecturaaLIBROS 2Tesauro de Arte & ArquitecturaaNOTICIAS 2 Tesauro de Arte & ArquitecturaaARTE INTERNACIONAL 2 Tesauro de Arte & ArquitecturaaESCULTURA aNavarreta, Jose Antonioeeditor